[Event "Mittelfranken Mitte-ch 1213"]
[Site "Zirndorf"]
[Date "2013.01.04"]
[Round "3"]
[White "Babichev, Vyacheslav"]
[Black "Belich, Maxim"]
[Result "1-0"]
[WhiteElo "1646"]
[BlackElo "1508"]
[PlyCount "69"]
[EventDate "2013.01.03"]
[EventType "swiss"]
[EventRounds "7"]
[EventCountry "GER"]
[SourceTitle "EXT 2015"]
[Source "ChessBase"]
[SourceDate "2014.11.20"]
[SourceVersion "1"]
[SourceVersionDate "2014.11.20"]
[SourceQuality "1"]

1. b3 b6 2. Bb2 Bb7 3. Nf3 Nf6 4. e3 Nc6 5. Be2 e6 6. 0-0 d5 7. d3 Bd6 8. Nbd2 Qe7 9. a3 0-0 10. b4 a6 11. c4 Na7 12. Qc2 c5 13. bxc5 bxc5 14. Rfb1 e5 15. Bf1 d4 16. e4 Bc6 17. a4 Nd7 18. a5 f5 19. exf5 Rxf5 20. Ne4 Qe6 21. Bc1 h6 22. Qe2 Raf8 23. Nfd2 Be7 24. f3 Qg6 25. Kh1 Nc8 26. Ng3 Rf4 27. Nde4 Bxe4 28. Bxf4 Rxf4 29. Nxe4 Nd6 30. g3 Rf8 31. Bh3 Nb8 32. Nxc5 Qh5 33. Bg4 Qg6 34. Ne6 Re8 35. Rb6 1-0

[Event "Nuremberg Zabo op 13th"]
[Site "Nuremberg"]
[Date "2011.09.18"]
[Round "4"]
[White "Bruder, Heinz"]
[Black "Belich, Maxim"]
[Result "1/2-1/2"]
[WhiteElo "1668"]
[BlackElo "1526"]
[PlyCount "50"]
[EventDate "2011.09.16"]
[EventType "swiss"]
[EventRounds "5"]
[EventCountry "GER"]
[SourceTitle "EXT 2013"]
[Source "ChessBase"]
[SourceDate "2012.11.22"]
[SourceVersion "1"]
[SourceVersionDate "2012.11.22"]
[SourceQuality "1"]

1. e4 c5 2. Nf3 Nc6 3. d4 cxd4 4. Nxd4 Nf6 5. Nc3 e5 6. Nb3 Bb4 7. Bd3 d5 8. exd5 Nxd5 9. Bd2 Nxc3 10. bxc3 Bd6 11. Qh5 h6 12. 0-0 Qf6 13. f4 g6 14. Qe2 Qg7 15. Rfe1 0-0 16. f5 f6 17. fxg6 f5 18. Bc4+ Kh8 19. Bf7 Nd8 20. Qh5 f4 21. c4 Nxf7 22. gxf7 Rxf7 23. Qe2 Bh3 24. Kh1 Bg4 25. Qd3 Rf6 1/2-1/2

[Event "Nuremberg Zabo op 13th"]
[Site "Nuremberg"]
[Date "2011.09.17"]
[Round "3"]
[White "Belich, Maxim"]
[Black "Korth, Manfred"]
[Result "0-1"]
[WhiteElo "1526"]
[BlackElo "1802"]
[PlyCount "82"]
[EventDate "2011.09.16"]
[EventType "swiss"]
[EventRounds "5"]
[EventCountry "GER"]
[SourceTitle "EXT 2013"]
[Source "ChessBase"]
[SourceDate "2012.11.22"]
[SourceVersion "1"]
[SourceVersionDate "2012.11.22"]
[SourceQuality "1"]

1. Nf3 Nf6 2. Nc3 g6 3. g3 Bg7 4. Bg2 d6 5. d4 Nbd7 6. 0-0 0-0 7. e4 c6 8. Re1 e5 9. dxe5 dxe5 10. Bg5 h6 11. Be3 Qc7 12. Nd2 Rd8 13. Qe2 Nf8 14. Nb3 b6 15. h3 Ne6 16. Red1 Bb7 17. a4 a5 18. f3 Kh7 19. Qf2 c5 20. Nb5 Qe7 21. c4 Nd4 22. Rd3 Bc6 23. N5xd4 exd4 24. Bd2 Qe6 25. Nxd4 cxd4 26. Rxd4 Nd7 27. Rd3 Nc5 28. Rxd8 Rxd8 29. Be3 Qxc4 30. Bf1 Qb3 31. Ra3 Qxb2 32. Bxc5 bxc5 33. Qxb2 Bxb2 34. Rb3 Bd4+ 35. Kg2 Bxa4 36. Ra3 Bd7 37. Rxa5 Be6 38. Ra4 Rb8 39. g4 g5 40. Kg3 Rb4 41. Ra6 c4 0-1

[Event "Nuremberg LGA Cup 7th"]
[Site "Nuremberg"]
[Date "2010.09.02"]
[Round "1"]
[White "Belich, Maxim"]
[Black "Lauterbach, Ingrid"]
[Result "0-1"]
[WhiteElo "1591"]
[BlackElo "2169"]
[PlyCount "68"]
[EventDate "2010.09.02"]
[EventType "swiss"]
[EventRounds "7"]
[EventCountry "GER"]
[SourceTitle "CBM 138 Extra"]
[Source "ChessBase"]
[SourceDate "2010.10.29"]
[SourceVersion "1"]
[SourceVersionDate "2010.10.29"]
[SourceQuality "1"]

1. d4 d6 2. Nc3 g6 3. e4 Bg7 4. Nf3 Nd7 5. Bd3 c6 6. Be3 Ngf6 7. Qd2 Ng4 8. Bf4 e5 9. dxe5 dxe5 10. Bg5 f6 11. Bh4 0-0 12. h3 Nh6 13. 0-0-0 Nf7 14. Kb1 b5 15. Ne2 Qe7 16. Ne1 Nc5 17. Qc3 Bb7 18. f4 exf4 19. Qb4 a5 20. Qd4 Rfd8 21. Qg1 Nxe4 22. Nf3 g5 23. Bf2 Nxf2 24. Qxf2 Ne5 25. Bf5 c5 26. Rhe1 Nxf3 27. gxf3 Rxd1+ 28. Rxd1 Qe5 29. Rd7 Bc6 30. Rxg7+ Kxg7 31. Bd3 c4 32. Be4 Bxe4 33. fxe4 Qxe4 34. a3 Qe3 0-1